[Event "RUS-chT Rapid"]
[Site "Sochi"]
[Date "2023.10.18"]
[Round "2.8"]
[White "Zvjaginsev, Vadim"]
[Black "Lugovskoy, Maxim"]
[Result "1/2-1/2"]
[WhiteElo "2572"]
[BlackElo "2384"]
[PlyCount "81"]
[EventDate "2023.10.18"]
[EventType "team-swiss (rapid)"]
[EventRounds "9"]
[EventCountry "RUS"]
[SourceTitle "Mega2024 Update 01"]
[Source "Chessbase"]
[SourceDate "2023.11.12"]
[SourceVersion "1"]
[SourceVersionDate "2023.11.12"]
[SourceQuality "1"]
[WhiteTeam "Moscow ShSM"]
[BlackTeam "Krasnodarsk Region"]
[WhiteTeamCountry "RUS"]
[BlackTeamCountry "RUS"]

1. Nf3 d5 2. d4 e6 3. c4 a6 4. Bg5 Be7 5. Bxe7 Qxe7 6. Nbd2 Nf6 7. Rc1 c6 8. g3 0-0 9. Bg2 Nbd7 10. 0-0 Rd8 11. Qc2 e5 12. cxd5 Nxd5 13. dxe5 Nxe5 14. Nxe5 Qxe5 15. Nc4 Qc7 16. e4 Nb6 17. Ne3 Be6 18. f4 f6 19. b3 Qe7 20. Qc3 Nd7 21. Rfe1 Qa3 22. Nc2 Qc5+ 23. Nd4 Qxc3 24. Rxc3 Nf8 25. Nxe6 Nxe6 26. Bh3 Nf8 27. Kf2 Rd4 28. Rc4 Rxc4 29. bxc4 b5 30. Rd1 bxc4 31. Rd6 Rb8 32. Bf1 c3 33. Rxc6 Rb2+ 34. Ke3 Kf7 35. Rxc3 Kg6 36. Ra3 Rxh2 37. Rxa6 Rc2 38. e5 Rc1 39. e6 Rxf1 40. Ke2 Rb1 41. e7 1/2-1/2

[Event "RUS-chT Blitz"]
[Site "Sochi"]
[Date "2023.10.17"]
[Round "6.17"]
[White "Lugovskoy, Maxim"]
[Black "Khegay, Dmitriy"]
[Result "0-1"]
[WhiteElo "2384"]
[BlackElo "2489"]
[PlyCount "140"]
[EventDate "2023.10.17"]
[EventType "team-swiss (blitz)"]
[EventRounds "13"]
[EventCountry "RUS"]
[SourceTitle "Mega2024 Update 01"]
[Source "Chessbase"]
[SourceDate "2023.11.12"]
[SourceVersion "1"]
[SourceVersionDate "2023.11.12"]
[SourceQuality "1"]
[WhiteTeam "Krasnodarsk Region"]
[BlackTeam "Krasnoyarsk Region Enisey"]
[WhiteTeamCountry "RUS"]
[BlackTeamCountry "RUS"]

1. e4 c5 2. Nf3 d6 3. Bb5+ Bd7 4. Bxd7+ Qxd7 5. 0-0 Nc6 6. c3 Nf6 7. d4 cxd4 8. cxd4 d5 9. e5 Ne4 10. Ne1 f6 11. f3 Ng5 12. Be3 e6 13. Nc3 Be7 14. Qd2 0-0 15. Nd3 b6 16. Rae1 Nf7 17. f4 Nh6 18. Bf2 Rac8 19. Qe2 fxe5 20. Nxe5 Nxe5 21. Qxe5 Rc6 22. Nxd5 Bd8 23. Nb4 Rd6 24. g3 Bf6 25. Qe4 Ng4 26. d5 exd5 27. Qd3 Bxb2 28. Bd4 Bxd4+ 29. Qxd4 Qf5 30. Re7 Qf6 31. Qxf6 Nxf6 32. Rc1 a5 33. Nd3 Rd7 34. Rxd7 Nxd7 35. Kf2 b5 36. Rc7 Rd8 37. Ra7 a4 38. Rb7 Nf6 39. Rxb5 Rc8 40. Ke3 h5 41. Ne5 Rc2 42. h3 Rc3+ 43. Kd4 Rxg3 44. f5 Rg5 45. Rb8+ Kh7 46. Ra8 Rxf5 47. Nf7 Rf4+ 48. Kd3 Kg6 49. Ne5+ Kf5 50. Nc6 g5 51. Nd4+ Kg6 52. Rxa4 Rh4 53. Ra6 Rxh3+ 54. Ke2 Rh2+ 55. Kf1 g4 56. Ne2 Kg5 57. a4 Ne4 58. Ra8 Rh1+ 59. Kg2 Ra1 60. Nd4 Ra2+ 61. Kg1 Kf4 62. a5 Ke3 63. Nf5+ Kf4 64. Nd4 h4 65. a6 h3 66. Rf8+ Ke3 67. Nf5+ Kd3 68. Rg8 h2+ 69. Kh1 Rxa6 70. Rxg4 Nf2+ 0-1

[Event "RUS-ch Rapid"]
[Site "Sochi"]
[Date "2023.10.15"]
[Round "3"]
[White "Kezin, Roman"]
[Black "Lugovskoy, Maxim"]
[Result "1-0"]
[WhiteElo "2505"]
[BlackElo "2384"]
[PlyCount "103"]
[EventDate "2023.10.15"]
[EventType "swiss (rapid)"]
[EventRounds "11"]
[EventCountry "RUS"]
[SourceTitle "Mega2024 Update 01"]
[Source "Chessbase"]
[SourceDate "2023.11.12"]
[SourceVersion "1"]
[SourceVersionDate "2023.11.12"]
[SourceQuality "1"]

1. d4 d5 2. Nf3 Nf6 3. g3 e6 4. Bg2 b5 5. 0-0 Nbd7 6. a4 b4 7. c4 bxc3 8. Nxc3 Bb7 9. Bf4 Bd6 10. Bxd6 cxd6 11. Qb3 Qb6 12. Qa3 a5 13. Nb5 Ne4 14. Ng5 Ke7 15. Nxe4 dxe4 16. b4 Nf6 17. Rfb1 Rhb8 18. e3 axb4 19. Rxb4 Ba6 20. Bf1 Nd5 21. Rb2 Nc7 22. Nxc7 Qxc7 23. Rxb8 Qxb8 24. Bxa6 Rxa6 25. Qc3 Qb7 26. a5 Rc6 27. Qa3 Ra6 28. Kg2 h5 29. Qc3 Rc6 30. Qd2 Qb5 31. Qd1 Ra6 32. Qd2 h4 33. gxh4 Qh5 34. Qb4 Qf3+ 35. Kg1 Ra7 36. Qb6 Qg4+ 37. Kf1 Qh3+ 38. Ke1 Rd7 39. a6 Qg4 40. Qb5 Ra7 41. Qg5+ Qxg5 42. hxg5 Kd7 43. h4 g6 44. Kf1 Kc6 45. Kg2 Kb6 46. Kg3 e5 47. dxe5 dxe5 48. h5 gxh5 49. Kh4 Kc5 50. Kxh5 Kc4 51. Kg4 Kd3 52. Ra2 1-0

[Event "RUS-ch Blitz"]
[Site "Sochi"]
[Date "2023.10.14"]
[Round "6"]
[White "Lintchevski, Daniil"]
[Black "Lugovskoy, Maxim"]
[Result "0-1"]
[WhiteElo "2542"]
[BlackElo "2384"]
[PlyCount "51"]
[EventDate "2023.10.14"]
[EventType "swiss (blitz)"]
[EventRounds "13"]
[EventCountry "RUS"]
[SourceTitle "Mega2024 Update 01"]
[Source "Chessbase"]
[SourceDate "2023.11.12"]
[SourceVersion "1"]
[SourceVersionDate "2023.11.12"]
[SourceQuality "1"]

1. e4 e6 2. d4 d5 3. exd5 exd5 4. Nf3 Bd6 5. c4 c6 6. Nc3 Ne7 7. h3 0-0 8. Be2 h6 9. 0-0 Nd7 10. c5 Bc7 11. b4 a6 12. a4 Ng6 13. Bd3 Nf6 14. Bc2 Re8 15. Be3 Ne4 16. Ra3 Qf6 17. Nxe4 dxe4 18. Nd2 Bf5 19. Qh5 Nf4 20. Bxf4 Bxf4 21. Nc4 g6 22. Qe2 Rad8 23. Ne3 Rxd4 24. b5 Bc7 25. Nxf5 Qxf5 26. b6 0-1

[Event "Sochi Pearl Blitz op"]
[Site "Sochi"]
[Date "2023.10.12"]
[Round "5"]
[White "Lugovskoy, Maxim"]
[Black "Gubajdullin, Alexey"]
[Result "1-0"]
[WhiteElo "2384"]
[BlackElo "2253"]
[PlyCount "137"]
[EventDate "2023.10.12"]
[EventType "swiss (blitz)"]
[EventRounds "13"]
[EventCountry "RUS"]
[SourceTitle "Mega2024 Update 01"]
[Source "Chessbase"]
[SourceDate "2023.11.12"]
[SourceVersion "1"]
[SourceVersionDate "2023.11.12"]
[SourceQuality "1"]

1. e4 g6 2. d4 Bg7 3. Nc3 d6 4. Bg5 h6 5. Bh4 Nc6 6. d5 g5 7. Bg3 Ne5 8. Nf3 Bg4 9. Be2 Bxf3 10. Bxf3 c6 11. Be2 Qb6 12. Rb1 Rc8 13. h4 Nf6 14. 0-0 Ng6 15. h5 Nf4 16. dxc6 bxc6 17. Bxf4 gxf4 18. Bf3 Qc5 19. Qd2 Nxh5 20. e5 Qxe5 21. Rfe1 Qd4 22. Qxd4 Bxd4 23. Bxh5 e5 24. Ne4 Ke7 25. Rbd1 Rcd8 26. c3 Bb6 27. Kf1 f5 28. Nd2 Kf6 29. Nc4 Bc7 30. Nd2 d5 31. Nb3 Bb6 32. Be2 Rhg8 33. Ba6 Rd6 34. c4 Rdd8 35. c5 Bc7 36. Bb7 e4 37. Bxc6 Ke5 38. Nd4 Rg5 39. Ba4 Rdg8 40. Nc6+ Kf6 41. Ke2 Rxg2 42. Rxd5 e3 43. Rf1 R8g3 44. Bc2 exf2 45. Rxf5+ Ke6 46. Nd4+ Ke7 47. Nc6+ Ke6 48. Nd4+ Ke7 49. Rd5 Re3+ 50. Kd2 Kf6 51. Rf5+ Ke7 52. Bb3 Ba5+ 53. Kc2 Re1 54. Bc4 Rxf1 55. Bxf1 Rg1 56. Rxf4 Rxf1 57. Nc6+ Ke6 58. Nxa5 Ke5 59. Rf8 Kd5 60. c6 Kd6 61. Rf7 Ke6 62. Rf8 Kd6 63. Kb3 h5 64. Rf7 h4 65. c7 Rc1 66. Nc4+ Ke6 67. Rxf2 Kd7 68. Rf7+ Kc8 69. Nd6# 1-0

[Event "Sochi Pearl Blitz op"]
[Site "Sochi"]
[Date "2023.10.12"]
[Round "9"]
[White "Lugovskoy, Maxim"]
[Black "Shubin, Kirill"]
[Result "0-1"]
[WhiteElo "2384"]
[BlackElo "2440"]
[PlyCount "66"]
[EventDate "2023.10.12"]
[EventType "swiss (blitz)"]
[EventRounds "13"]
[EventCountry "RUS"]
[SourceTitle "Mega2024 Update 01"]
[Source "Chessbase"]
[SourceDate "2023.11.12"]
[SourceVersion "1"]
[SourceVersionDate "2023.11.12"]
[SourceQuality "1"]

1. d4 e6 2. Nc3 d5 3. Bf4 a6 4. e3 Nf6 5. Nf3 c5 6. Bd3 Nc6 7. 0-0 c4 8. Be2 Be7 9. Ne5 0-0 10. Bg3 Bd7 11. f4 b5 12. Bf3 b4 13. Ne2 a5 14. Bh4 a4 15. g4 a3 16. b3 cxb3 17. cxb3 Nxe5 18. dxe5 Ne4 19. Bxe7 Qxe7 20. Bxe4 dxe4 21. Nd4 f6 22. exf6 gxf6 23. Kh1 Rac8 24. Rg1 Rc3 25. g5 f5 26. g6 h6 27. g7 Rf6 28. Qe2 e5 29. fxe5 Qxe5 30. Rad1 Rf7 31. Nb5 Rd3 32. Nd4 f4 33. Qh5 Qxh5 0-1

[Event "RUS GP Blitz Final"]
[Site "Moscow"]
[Date "2022.12.16"]
[Round "5"]
[White "Afanasiev, Nikita"]
[Black "Lugovskoy, Maxim"]
[Result "1-0"]
[WhiteElo "2568"]
[BlackElo "2380"]
[PlyCount "111"]
[EventDate "2022.12.16"]
[EventType "tourn (blitz)"]
[EventRounds "13"]
[EventCountry "RUS"]
[EventCategory "11"]
[SourceTitle "CBM 211 Extra"]
[Source "ChessBase"]
[SourceDate "2023.01.31"]
[SourceVersion "1"]
[SourceVersionDate "2023.01.31"]
[SourceQuality "1"]

1. g3 d5 2. Bg2 g6 3. c4 dxc4 4. Qa4+ c6 5. Qxc4 Bg7 6. Nf3 Nf6 7. 0-0 0-0 8. d4 Nbd7 9. Nc3 Nb6 10. Qb3 Bf5 11. Rd1 Ne4 12. Ng5 Nxg5 13. Bxg5 h6 14. Bf4 Qd7 15. e4 Bh3 16. a4 Bxg2 17. Kxg2 Rad8 18. Be3 Nc8 19. d5 Nd6 20. Bxa7 Bxc3 21. Qxc3 Nxe4 22. Qe3 cxd5 23. Bb6 Ng5 24. Bxd8 Qh3+ 25. Kg1 Rxd8 26. f4 Ne4 27. Rac1 h5 28. Rc7 h4 29. Rxe7 hxg3 30. hxg3 Nxg3 31. Re8+ Rxe8 32. Qxe8+ Kg7 33. Qe5+ Kh7 34. Rxd5 Qf1+ 35. Kh2 Ne2 36. Qe3 Nxf4 37. Rd2 g5 38. Rf2 Qb1 39. Qe5 Qg6 40. Qe3 Qh5+ 41. Kg1 Nh3+ 42. Kg2 Nxf2 43. Kxf2 Qh2+ 44. Kf1 Qh1+ 45. Kf2 Qh2+ 46. Kf1 Kh6 47. Qb6+ Kh5 48. Qxb7 Qf4+ 49. Kg2 Qd2+ 50. Kg3 Qd3+ 51. Qf3+ Qxf3+ 52. Kxf3 g4+ 53. Kg2 f5 54. a5 f4 55. a6 f3+ 56. Kg3 1-0

[Event "RUS GP Blitz Final"]
[Site "Moscow"]
[Date "2022.12.16"]
[Round "7"]
[White "Vastrukhin, Oleg"]
[Black "Lugovskoy, Maxim"]
[Result "1-0"]
[WhiteElo "2343"]
[BlackElo "2380"]
[PlyCount "71"]
[EventDate "2022.12.16"]
[EventType "tourn (blitz)"]
[EventRounds "13"]
[EventCountry "RUS"]
[EventCategory "11"]
[SourceTitle "CBM 211 Extra"]
[Source "ChessBase"]
[SourceDate "2023.01.31"]
[SourceVersion "1"]
[SourceVersionDate "2023.01.31"]
[SourceQuality "1"]

1. Nf3 d5 2. g3 g6 3. Bg2 Bg7 4. c4 dxc4 5. Na3 Nf6 6. Nxc4 0-0 7. d3 c6 8. 0-0 Nbd7 9. Bd2 Nd5 10. Rc1 N5b6 11. b3 Nxc4 12. bxc4 b6 13. h4 Bb7 14. h5 c5 15. h6 Bh8 16. Qc2 e5 17. Ng5 Bxg2 18. Kxg2 Qe7 19. a4 Nb8 20. Ne4 Nc6 21. Nc3 Nd4 22. Qd1 Rad8 23. Nd5 Qe6 24. e3 Nf5 25. e4 Nd4 26. Be3 f5 27. Bxd4 cxd4 28. Qf3 Rd7 29. Rce1 Rdf7 30. exf5 Rxf5 31. Qe4 Qf7 32. f4 Bf6 33. g4 Bh4 34. gxf5 gxf5 35. Qxe5 Qg6+ 36. Kh1 1-0

[Event "RUS GP Top 28 Rapid"]
[Site "Khanty-Mansiysk"]
[Date "2022.12.03"]
[Round "12"]
[White "Bocharov, Dmitry"]
[Black "Lugovskoy, Maxim"]
[Result "0-1"]
[WhiteElo "2516"]
[BlackElo "2380"]
[PlyCount "80"]
[EventDate "2022.12.01"]
[EventType "tourn (rapid)"]
[EventRounds "13"]
[EventCountry "RUS"]
[EventCategory "11"]
[SourceTitle "CBM 211 Extra"]
[Source "ChessBase"]
[SourceDate "2023.01.31"]
[SourceVersion "1"]
[SourceVersionDate "2023.01.31"]
[SourceQuality "1"]

1. e4 e6 2. d4 d5 3. Nc3 Bb4 4. e5 c5 5. a3 Bxc3+ 6. bxc3 Ne7 7. Qg4 cxd4 8. Qxg7 Rg8 9. Qxh7 Qc7 10. Qd3 dxc3 11. f4 Bd7 12. Nf3 Nbc6 13. Qxc3 0-0-0 14. Rb1 Kb8 15. g3 d4 16. Qc5 Bc8 17. Bd3 b6 18. Qc4 Bb7 19. 0-0 Nd5 20. Bd2 f5 21. a4 Rg4 22. a5 Qg7 23. Kf2 Ne3 24. Bxe3 dxe3+ 25. Kxe3 Nxa5 26. Qxe6 Qc7 27. Ke2 Rg7 28. Rb5 Rgd7 29. Qa2 Qc3 30. Ne1 Nc6 31. Qb2 Nd4+ 32. Ke3 Nxc2+ 33. Qxc2 Rxd3+ 34. Qxd3 Rxd3+ 35. Nxd3 Be4 36. Rd1 Bxd3 37. Rxd3 Qe1+ 38. Kd4 Qe4+ 39. Kc3 Qc6+ 40. Kb4 a5+ 0-1

[Event "RUS GP Top 28 Rapid"]
[Site "Khanty-Mansiysk"]
[Date "2022.12.03"]
[Round "10"]
[White "Pridorozhni, Aleksei"]
[Black "Lugovskoy, Maxim"]
[Result "1-0"]
[WhiteElo "2504"]
[BlackElo "2380"]
[PlyCount "97"]
[EventDate "2022.12.01"]
[EventType "tourn (rapid)"]
[EventRounds "13"]
[EventCountry "RUS"]
[EventCategory "11"]
[SourceTitle "CBM 211 Extra"]
[Source "ChessBase"]
[SourceDate "2023.01.31"]
[SourceVersion "1"]
[SourceVersionDate "2023.01.31"]
[SourceQuality "1"]

1. e4 e6 2. d4 d5 3. Nc3 Nf6 4. Bg5 Be7 5. e5 Nfd7 6. Bxe7 Qxe7 7. f4 a6 8. Qg4 g6 9. Qe2 c5 10. Nf3 Nc6 11. dxc5 Nxc5 12. Qe3 b5 13. Ne2 Bb7 14. Ned4 Nxd4 15. Nxd4 Rc8 16. a3 f5 17. exf6 Qxf6 18. Bd3 0-0 19. 0-0 Rfe8 20. Rae1 Na4 21. b3 Nc5 22. Qe5 Qxe5 23. Rxe5 Nxd3 24. cxd3 Rc3 25. Rd1 Bc8 26. Kf2 Bd7 27. Ke3 a5 28. Kd2 b4 29. axb4 axb4 30. Ra1 Rc7 31. h4 Kf7 32. g4 h6 33. Ra6 Rb7 34. Re1 e5 35. fxe5 Bxg4 36. Rf1+ Kg7 37. Rff6 Bh5 38. Ne6+ Kg8 39. Nc5 Rf7 40. d4 Rxf6 41. Rxf6 Ra8 42. Rd6 Ra2+ 43. Kd3 Rh2 44. Rxd5 Rh3+ 45. Kc4 Kf8 46. e6 Rxh4 47. Rd8+ Ke7 48. Rd7+ Ke8 49. Nb7 1-0

[Event "RUS GP Top 28 Rapid"]
[Site "Khanty-Mansiysk"]
[Date "2022.12.02"]
[Round "6"]
[White "Khubukshanov, Erdem"]
[Black "Lugovskoy, Maxim"]
[Result "1-0"]
[WhiteElo "2379"]
[BlackElo "2380"]
[PlyCount "87"]
[EventDate "2022.12.01"]
[EventType "tourn (rapid)"]
[EventRounds "13"]
[EventCountry "RUS"]
[EventCategory "11"]
[SourceTitle "CBM 211 Extra"]
[Source "ChessBase"]
[SourceDate "2023.01.31"]
[SourceVersion "1"]
[SourceVersionDate "2023.01.31"]
[SourceQuality "1"]

1. e4 e6 2. d4 d5 3. e5 c5 4. c3 Nc6 5. Nf3 Nh6 6. Bxh6 gxh6 7. Bb5 Qb6 8. Qe2 Bd7 9. 0-0 a6 10. Bxc6 Bxc6 11. dxc5 Bxc5 12. b4 Be7 13. Nd4 Rg8 14. Nd2 Bb5 15. Nxb5 Qxb5 16. c4 dxc4 17. Nxc4 Rd8 18. Rfd1 Rxd1+ 19. Rxd1 Kf8 20. a3 h5 21. Rd4 Qc6 22. g3 h4 23. Qh5 Rg7 24. Qd1 Rg6 25. Ne3 Kg7 26. Rc4 Qb5 27. Rc7 Kf8 28. Nc4 hxg3 29. hxg3 Rg5 30. Rc8+ Kg7 31. Rc7 Kf8 32. Kg2 h5 33. Qf3 Qd5 34. Qxd5 exd5 35. f4 Rg6 36. Ne3 Rc6 37. Rxb7 Bd8 38. Nxd5 Kg7 39. f5 Rc2+ 40. Kf3 Rd2 41. Nf4 h4 42. gxh4 Bxh4 43. e6 Kg8 44. exf7+ 1-0

[Event "RUS GP Top 28 Rapid"]
[Site "Khanty-Mansiysk"]
[Date "2022.12.01"]
[Round "4"]
[White "Lugovskoy, Maxim"]
[Black "Ponkratov, Pavel"]
[Result "0-1"]
[WhiteElo "2380"]
[BlackElo "2577"]
[PlyCount "82"]
[EventDate "2022.12.01"]
[EventType "tourn (rapid)"]
[EventRounds "13"]
[EventCountry "RUS"]
[EventCategory "11"]
[SourceTitle "CBM 211 Extra"]
[Source "ChessBase"]
[SourceDate "2023.01.31"]
[SourceVersion "1"]
[SourceVersionDate "2023.01.31"]
[SourceQuality "1"]

1. e4 e5 2. Nf3 Nc6 3. Nc3 Nf6 4. d4 exd4 5. Nxd4 Nxe4 6. Nxe4 Qe7 7. f3 d5 8. Bb5 Bd7 9. Bxc6 bxc6 10. 0-0 dxe4 11. Re1 0-0-0 12. Qe2 Qb4 13. c3 exf3 14. Qxf3 Qb7 15. Qxf7 Bd6 16. Bg5 Rdf8 17. Qb3 c5 18. Ne6 Rf5 19. Bh4 Qc6 20. Qc4 Rd5 21. Ng5 Rd2 22. Re2 Rxe2 23. Qxe2 Re8 24. Qd2 h6 25. Nf7 Be7 26. Ne5 Qd6 27. Qxd6 cxd6 28. Bxe7 Rxe7 29. Nxd7 Kxd7 30. Kf2 Kc6 31. c4 a5 32. b3 a4 33. Rd1 Re6 34. Rd3 Kb6 35. h4 Ka5 36. h5 Kb4 37. g3 Re5 38. Rxd6 Rxh5 39. Kg2 axb3 40. axb3 Kxb3 41. Rd5 Rg5 0-1

[Event "Khanty-Mansiysk Governor Cup Rapid 18th"]
[Site "Khanty-Mansiysk"]
[Date "2022.11.28"]
[Round "11"]
[White "Belyakov, Bogdan"]
[Black "Lugovskoy, Maxim"]
[Result "0-1"]
[WhiteElo "2447"]
[BlackElo "2380"]
[PlyCount "112"]
[EventDate "2022.11.26"]
[EventType "swiss (rapid)"]
[EventRounds "11"]
[EventCountry "RUS"]
[SourceTitle "CBM 211 Extra"]
[Source "ChessBase"]
[SourceDate "2023.01.31"]
[SourceVersion "1"]
[SourceVersionDate "2023.01.31"]
[SourceQuality "1"]

1. e4 e6 2. d4 d5 3. exd5 exd5 4. Nf3 Nc6 5. Bd3 Bg4 6. c3 Bd6 7. 0-0 Nge7 8. Be3 Qd7 9. Nbd2 0-0-0 10. b4 Nf5 11. Qa4 Kb8 12. Bb5 f6 13. h3 Bxf3 14. Nxf3 a6 15. Bxc6 Qxc6 16. Qxc6 bxc6 17. Nd2 g5 18. Nb3 Kc8 19. Bd2 h5 20. g3 Rde8 21. Rfe1 Re4 22. Rxe4 dxe4 23. Re1 Re8 24. Kg2 Bf8 25. c4 Nd6 26. Rc1 Nf5 27. Re1 Bd6 28. a3 Bf8 29. Be3 Nd6 30. Rc1 Nf5 31. Re1 Nd6 32. Nd2 Bh6 33. h4 Nf5 34. hxg5 fxg5 35. Rh1 h4 36. gxh4 Nxe3+ 37. fxe3 gxh4 38. Rxh4 Bxe3 39. Nxe4 Bxd4 40. Kf3 Kb7 41. Rh5 Kb6 42. a4 Ka7 43. Rh7 Kb8 44. Rh4 Ka7 45. Rh6 Kb7 46. Rg6 Rh8 47. Rg5 Rh3+ 48. Ng3 Bc3 49. b5 Be1 50. bxa6+ Kxa6 51. Kg2 Rxg3+ 52. Rxg3 Bxg3 53. Kxg3 Ka5 54. Kf3 Kxa4 55. Ke3 Kb4 56. Kd3 c5 0-1

[Event "Khanty-Mansiysk Governor Cup Rapid 18th"]
[Site "Khanty-Mansiysk"]
[Date "2022.11.26"]
[Round "3"]
[White "Afanasiev, Nikita"]
[Black "Lugovskoy, Maxim"]
[Result "1/2-1/2"]
[WhiteElo "2569"]
[BlackElo "2380"]
[PlyCount "30"]
[EventDate "2022.11.26"]
[EventType "swiss (rapid)"]
[EventRounds "11"]
[EventCountry "RUS"]
[SourceTitle "CBM 211 Extra"]
[Source "ChessBase"]
[SourceDate "2023.01.31"]
[SourceVersion "1"]
[SourceVersionDate "2023.01.31"]
[SourceQuality "1"]

1. Nf3 d5 2. g3 g6 3. Bg2 Bg7 4. d4 Nf6 5. 0-0 0-0 6. c4 dxc4 7. Na3 c3 8. bxc3 c5 9. Ne5 Nc6 10. Rb1 Nd5 11. Qc2 Nxe5 12. dxe5 Nb6 13. Rd1 Qc7 14. Nb5 Qb8 15. Bg5 Re8 1/2-1/2

[Event "RUS-ch Blitz"]
[Site "Sochi"]
[Date "2022.10.14"]
[Round "12"]
[White "Demidov, Mikhail"]
[Black "Lugovskoy, Maxim"]
[Result "1-0"]
[WhiteElo "2568"]
[BlackElo "2380"]
[PlyCount "107"]
[EventDate "2022.10.14"]
[EventType "swiss (blitz)"]
[EventRounds "13"]
[EventCountry "RUS"]
[SourceTitle "CBM 210 Extra"]
[Source "ChessBase"]
[SourceDate "2022.11.30"]
[SourceVersion "1"]
[SourceVersionDate "2022.11.30"]
[SourceQuality "1"]

1. d4 d5 2. Nf3 Nf6 3. Bf4 g6 4. h3 Bg7 5. e3 0-0 6. Be2 b6 7. 0-0 Bb7 8. a4 a5 9. Nbd2 Nbd7 10. c3 c5 11. Qb3 Re8 12. Rfd1 Qc8 13. Ne5 Nxe5 14. Bxe5 Qe6 15. Bxf6 c4 16. Qc2 exf6 17. b3 cxb3 18. Qxb3 f5 19. Bf3 Bc6 20. c4 dxc4 21. Qxc4 Bxf3 22. Qxe6 Rxe6 23. Nxf3 Rc8 24. Ra2 h6 25. Rb1 Rc4 26. g3 g5 27. Rb3 f4 28. gxf4 gxf4 29. Rd3 Rc1+ 30. Kh2 Bf8 31. d5 Re8 32. exf4 Bd6 33. Ne5 f6 34. Nd7 Bxf4+ 35. Kg2 Kf7 36. Rb2 Bc7 37. d6 Bd8 38. Nxb6 Rg8+ 39. Kf3 Rh1 40. Ke2 Re8+ 41. Kd2 Rf1 42. Rf3 Re5 43. Nc4 Rd5+ 44. Ke2 Rdd1 45. Rfb3 Rde1+ 46. Kf3 Rh1 47. Kg2 Reg1+ 48. Kf3 Rxh3+ 49. Ke2 Rhh1 50. Rb8 Rc1 51. Ne3 Ke8 52. R2b7 Rhe1+ 53. Kf3 Rc6 54. Re7+ 1-0

[Event "Sochi City Park op"]
[Site "Sochi"]
[Date "2022.09.21"]
[Round "7"]
[White "Kirdyashkina, Ekaterina"]
[Black "Lugovskoy, Maxim"]
[Result "1-0"]
[WhiteElo "1817"]
[BlackElo "2397"]
[PlyCount "87"]
[EventDate "2022.09.15"]
[EventType "swiss"]
[EventRounds "9"]
[EventCountry "RUS"]
[SourceTitle "EXT 2023"]
[Source "ChessBase"]
[SourceDate "2022.10.05"]
[SourceVersion "1"]
[SourceVersionDate "2022.10.05"]
[SourceQuality "1"]

1. e4 e6 2. d4 d5 3. exd5 exd5 4. Nf3 Bd6 5. Bd3 Ne7 6. 0-0 Nbc6 7. c3 Bf5 8. Bxf5 Nxf5 9. Qe2+ Qe7 10. Qd3 Qd7 11. Re1+ Nfe7 12. b4 f6 13. a4 a6 14. Ba3 0-0 15. Nbd2 Nd8 16. Bc1 Qf5 17. Qxf5 Nxf5 18. Nb3 c6 19. a5 g5 20. g4 Ne7 21. Nc5 Bxc5 22. bxc5 Ng6 23. Ra2 Kf7 24. Rae2 Rc8 25. Kg2 Rc7 26. Kg3 Re7 27. Rxe7+ Nxe7 28. Bxg5 h5 29. Bd2 hxg4 30. Nh4 Ne6 31. Bf4 Rh8 32. Bd6 Nc8 33. Nf5 Ng5 34. Kxg4 Ne4 35. Rb1 Nxf2+ 36. Kf3 Kg6 37. Ng3 Nh3 38. Rxb7 Ng5+ 39. Kg4 Rxh2 40. Nf5 Rh7 41. Nh4+ Rxh4+ 42. Kxh4 Ne4 43. Bg3 Ng5 44. Rc7 1-0

[Event "Yalta Yialos op"]
[Site "Yalta"]
[Date "2022.09.10"]
[Round "7"]
[White "Truskavetsky, Alexandr"]
[Black "Lugovskoy, Maxim"]
[Result "1-0"]
[WhiteElo "2370"]
[BlackElo "2397"]
[PlyCount "153"]
[EventDate "2022.09.04"]
[EventType "swiss"]
[EventRounds "9"]
[EventCountry "UKR"]
[SourceTitle "CBM 210 Extra"]
[Source "ChessBase"]
[SourceDate "2022.11.30"]
[SourceVersion "1"]
[SourceVersionDate "2022.11.30"]
[SourceQuality "1"]

1. d4 d5 2. c4 e6 3. Nf3 Nf6 4. Nc3 Be7 5. g3 0-0 6. Bg2 dxc4 7. Ne5 Nc6 8. Bxc6 bxc6 9. Nxc6 Qe8 10. Nxe7+ Qxe7 11. Qa4 c5 12. dxc5 Qxc5 13. Be3 Qc7 14. f3 Bb7 15. Kf2 Nd5 16. Nxd5 exd5 17. Bd4 Rfe8 18. Qc2 Re6 19. Rae1 a5 20. Qc3 f6 21. g4 Qe7 22. h4 a4 23. a3 Re8 24. e3 Bc6 25. g5 f5 26. Qd2 Rb8 27. Bc3 Qa7 28. Qd4 Qxd4 29. Bxd4 Rb3 30. Kg3 Rd3 31. Kf4 Bd7 32. Rd1 Rb3 33. Bc3 Rb5 34. h5 Kf7 35. Rh2 Bc8 36. Rhd2 Bb7 37. Rg1 Kg8 38. Bd4 Bc8 39. g6 h6 40. Rgd1 Re8 41. Bc3 Be6 42. Rd4 Rf8 43. Ke5 Re8 44. Kf4 Rf8 45. Kg3 Re8 46. Kh4 Rf8 47. R1d2 Re8 48. e4 fxe4 49. fxe4 dxe4 50. Rxe4 Rb6 51. Rde2 Rc6 52. Bb4 Kh8 53. Kg3 Kg8 54. Kf2 Kh8 55. Ke1 Kg8 56. R2e3 Kh8 57. Re5 Ra6 58. Kf2 Rc6 59. Kg1 Ra6 60. Bc3 Rd6 61. Ra5 Rg8 62. Rxa4 Bd7 63. Rxc4 Rd5 64. Re5 Rd1+ 65. Kh2 Rd3 66. Re7 Rd5 67. Re5 Rd1 68. Rd4 Rxd4 69. Bxd4 Bg4 70. Kg3 Bd1 71. Kh4 Rd8 72. Bc3 Bb3 73. Re7 Rg8 74. Ra7 Bd1 75. a4 Bb3 76. a5 Bd1 77. Re7 1-0

[Event "Yalta Yialos Blitz"]
[Site "Yalta"]
[Date "2022.08.31"]
[Round "12"]
[White "Derjabin, Ilja"]
[Black "Lugovskoy, Maxim"]
[Result "0-1"]
[WhiteElo "2333"]
[BlackElo "2397"]
[PlyCount "68"]
[EventDate "2022.08.31"]
[EventType "swiss (blitz)"]
[EventRounds "13"]
[EventCountry "UKR"]
[SourceTitle "CBM 210 Extra"]
[Source "ChessBase"]
[SourceDate "2022.11.30"]
[SourceVersion "1"]
[SourceVersionDate "2022.11.30"]
[SourceQuality "1"]

1. d4 d5 2. c4 e6 3. Nc3 a6 4. g3 Nf6 5. Bg2 dxc4 6. Nf3 Nc6 7. a4 Rb8 8. 0-0 b5 9. e4 Be7 10. axb5 axb5 11. d5 Nb4 12. dxe6 Bxe6 13. Nd4 0-0 14. Ncxb5 Bd7 15. Na3 c5 16. Nf5 Be6 17. Bf4 Rb6 18. Ne3 Nd3 19. Naxc4 Rb4 20. Ne5 Nxf4 21. gxf4 Qc7 22. Qc2 Bd6 23. Rfc1 Bxe5 24. fxe5 Qxe5 25. Qxc5 Qxc5 26. Rxc5 Rxb2 27. e5 Nh5 28. Nd5 Bxd5 29. Bxd5 Nf4 30. Be4 Nh3+ 31. Kg2 Nxf2 32. Rc2 Rxc2 33. Bxc2 Ng4 34. Ra5 Ne3+ 0-1